000 00495nam a2200217Ia 4500
008 210210b2015 xxu||||| |||| 00| 0 eng d
020 _a9788192440507
041 _aeng
082 _a530.02 DEOI
100 _aDEOARSHI (Vishal)
245 _aIIT JAM physics
250 _a
260 _aDelhi
_bSamvedna Publication
_c2015
300 _aviii,475
650 _aphysics
650 _aJAM
650 _aIIT
690 _aPhysics Entrance
700 _aAHUJA (Jyoti)
906 _a071323
999 _c120648
_d120648